| 000 | 00353nam a2200133Ia 4500 | ||
|---|---|---|---|
| 008 | 240624s9999 xx 000 0 und d | ||
| 041 | _aeng | ||
| 082 | _a158.9 LIN | ||
| 100 | _aLINDER PELZ SUSIE | ||
| 245 | _aNLP COACHING AN EVIDENCE BASED APPROACH | ||
| 260 |
_c2010 _aNew Delhi _bKogan Page |
||
| 300 | _avi, : 237 : p. : cm. ; 24 | ||
| 365 |
_cRS _b30 |
||
| 999 |
_c15110 _d15110 |
||